| 000 | 01034nam a22002297a 4500 | ||
|---|---|---|---|
| 005 | 20120614170415.0 | ||
| 008 | 081007t xxu||||| |||| 00| 0 mar d | ||
| 010 | _aMAR-22394 | ||
| 020 |
_c125.00 _a9788174345592 |
||
| 035 | _aMR-15052 | ||
| 037 | _bD.B.Act /pub | ||
| 082 | _a915.4164035 | ||
| 100 |
_949115 _aभावे, शशिधर |
||
| 245 |
_aमनोभावे देशदर्शन : _cशशिधर भावे _bमेघालय / |
||
| 246 |
_bby Shashidhar Bhave _aManobhave Deshadarshan:Meghalaya |
||
| 260 |
_aपुणे _bराजहंस प्रकाशन _c2011 |
||
| 270 |
_bपुणे _a1025,सदाशिव पेठ, _e411030 |
||
| 300 |
_a128पृ. _c22सेमी(अजिल्द) _bसचित्र |
||
| 700 | _950824 | ||
| 942 |
_2ddc _cMR _mभावेश _h915.4164035 |
||
| 999 |
_c68929 _d68929 |
||